Представление документа в формате RUSMARC

ПолеНазваниеЗначение
  Тип записи a
  Библиографический уровень a
001 Контрольный номер RU/CBS_Ul/BASE/508329943
005 Дата корректировки 20250523105308.2
100 Данные общей обработки __
a Данные общей обработки 20250523d2016####|||c0rusy0189 ca
101 Язык документа 0_
a Язык текста rus
102 Страна публикации __
a Страна публикации RU
105 Кодированные данные (монография) __
a Кодированные данные (монография) y###||||000|y
200 Заглавие и сведения об ответственности 1_
a Заглавие Карамзин и Пушкин о поэтах и поэзии ("Египетские вечера" и "Египетские ночи")
b Общее обозначение материала Текст
e Сведения, относящиеся к заглавию [статья о сущности поэзии и образе Поэта, о служении искусству, о различных взглядах на природу творчества]
f Первые сведения об ответственности Л. Сапченко
300 Общие примечания __
a Общие примечания Ограничения по возрасту - 12+
461 Уровень набора _0
1 2000
a Симбирскъ
463 Уровень физической единицы _0
1 2000
a № 1(31)(январь)
v С. 6-8
1 2101
d 2016
1 001RU/REG73/CBS_GRAD/1177d5b83a424edf966fbb3789146e5c
600 Персоналии _0
a Персоналии (Фамилия) Пушкин
b Персоналии (Имя, инициалы) А. С.
600 Персоналии _0
a Персоналии (Фамилия) Карамзин
b Персоналии (Имя, инициалы) Н. М.
606 Тематические рубрики 0_
a Основная рубрика Пушкин, Александр Сергеевич (1799-1837) - Литературно-эстетические взгляды
606 Тематические рубрики 0_
a Основная рубрика Карамзин, Николай Михайлович (1766-1826) - как литературный критик
610 Ключевые слова 0_
a Ключевые слова литературоведение
610 Ключевые слова 0_
a Ключевые слова русские поэты
610 Ключевые слова 0_
a Ключевые слова литературная критика
610 Ключевые слова 0_
a Ключевые слова русские историки
686 Индексы других классификаций __
a Классификационный индекс 83.3(2Рос=Рус)1
2 Код системы rubbk
700 Автор _1
a Фамилия Сапченко
b Имя (инициалы) Л.
g Полное личное имя Любовь
801 Источник записи _0
a Страна RU
b Организация RuCBSGrad
c Дата составления 20250523
g Правила каталогизации RCR
801 Источник записи _1
a Страна RU
b Организация RuCBSGrad
c Дата составления 20250523
g Правила каталогизации RCR
852 Данные о местонахождении __
a Наименование организации МБУК ЦБС г. Димитровграда
901 Тип документа __
t Тип документа b
w Контрольный № источника RU/REG73/CBS_GRAD/1177d5b83a424edf966fbb3789146e5c
909 Создатель записи __
a Создатель записи Тенигина
b Дата создания записи 20250523